000 00867cam a2200277 a 4500
003 CO-ViMGA
005 20230915224040.0
008 980313r20021998ck a r 00110 spa d
015 _ack-1998-xxxx
020 _a9589181414
035 _aAGE6226 LA
040 _aCO-ViMGA
_bspa
_cCO-ViMGA
041 0 _aspa
082 0 4 _a618.92
_bP51p7
_24a. ed.
100 1 _aPlata Rueda, Ernesto.
_910550
245 1 0 _aPreguntas de madres /
_cErnesto Plata Rueda, Francisco Javier Leal Quevedo.
260 _aSanta Fe de Bogotá :
_bMédica Panamericana,
_c1998.
300 _a253 p. ; :
_bil. ;
_c24 cm.
504 _aIncluye bibliografía e índice.
650 1 4 _aNiños
_x Cuidado e higiene.
_93962
650 1 4 _aPadres e hijos.
_971
650 1 4 _aPediatría.
_94536
700 1 _aLeal Quevedo, Francisco,
_d1945-.
_910551
942 _2ddc
_cBK
949 _ac
_bn
999 _c11197
_d11197